Normal view
MARC view
Entry Topical Term
001 - CONTROL NUMBER
- control field: 48795
003 - CONTROL NUMBER IDENTIFIER
- control field: AUA.1
005 - DATE AND TIME OF LATEST TRANSACTION
- control field: 20150319123547.0
008 - FIXED-LENGTH DATA ELEMENTS
- fixed length control field: 150319|||a|||||| | ||| d
040 ## - CATALOGING SOURCE
- Original cataloging agency: AUA.1
- Transcribing agency: AUA.1
150 ## - HEADING--TOPICAL TERM
- Topical term or geographic name as entry element: Intelligent design (Teleology)
- General subdivision: Textbooks.
670 ## - SOURCE DATA FOUND
- Source citation: Work cat.: (AUA.1): Brand, Leonard, 1941- 48794, Faith, reason, & earth history :, c2009.